| Tag |
First Indicator |
Second Indicator |
Subfields |
| LEADER |
00000cam a2200000 4500 |
| 001 |
in00000289521 |
| 005 |
20151010073653.0 |
| 008 |
710128r19711937ctua b 00100 eng |
| 010 |
|
|
|a 77109772
|
| 020 |
|
|
|a 0837142628
|c $15.00
|
| 035 |
|
|
|a (OCoLC)00241214
|
| 035 |
|
|
|9 ABF1244AM
|
| 040 |
|
|
|a DLC
|c DLC
|d TXA
|d UtOrBLW
|
| 041 |
1 |
|
|a eng
|a fre
|
| 049 |
|
|
|a TXAM
|c [1023998]
|
| 050 |
0 |
0 |
|a BM165
|b .L613 1971
|
| 082 |
0 |
|
|a 296/.09
|
| 100 |
1 |
|
|a Lods, Adolphe,
|d 1867-1948.
|
| 240 |
1 |
4 |
|a Les prophetes d'Israel et les debuts des judaisme. English
|
| 245 |
1 |
4 |
|a The prophets and the rise of Judaism /
|c Translated by S. H. Hooke.
|
| 264 |
|
1 |
|a Westport, Conn. :
|b Greenwood Press,
|c [1971]
|
| 300 |
|
|
|a xxiv, 378 pages :
|b illustrations ;
|c 23 cm.
|
| 336 |
|
|
|a text
|b txt
|2 rdacontent
|
| 337 |
|
|
|a unmediated
|b n
|2 rdamedia
|
| 338 |
|
|
|a volume
|b nc
|2 rdacarrier
|
| 500 |
|
|
|a Translation of Les prophetes d'Israel et les debuts des judaisme.
|
| 500 |
|
|
|a Reprint of the 1937 edition.
|
| 504 |
|
|
|a Bibliography: pages 357-368.
|
| 650 |
|
0 |
|a Judaism
|x History
|y To 70 A.D.
|
| 650 |
|
0 |
|a Prophets.
|
| 999 |
|
|
|a MARS
|
| 999 |
f |
f |
|s abc80c42-f7bf-370c-85d1-d83bb7030167
|i 383ddfa9-3113-3095-8356-3f566aa7ac63
|t 0
|
| 952 |
f |
f |
|p ric
|a Texas A&M University
|b Rellis Campus
|c Joint Library Facility
|d Remote Storage
|t 0
|e BM165 .L613 1971
|h Library of Congress classification
|i unmediated -- volume
|m A14801749468
|
| 998 |
f |
f |
|a BM165 .L613 1971
|t 0
|l Remote Storage
|